000 00745nam a2200253Ia 4500
003 OSt
005 20220918172647.0
006 a|||||r|||| 00| 0
007 ta
008 220917b |||||||| |||| 00| 0 eng d
024 _a2,009
037 _cTextual
040 _aARTS
_cARTS
_beng
041 _2eng
_aeng
082 _aX9S.4.N9, N5
100 _aHeyzer Noeleen ed
_942588
245 0 _aGovernment NGO relations in Asia
_b prospects and challenges for people-centred development
260 _aLondon
_bMacmillan
_c1995
300 _axiii,247p.
_ccm.
490 _aInternational political economy series
650 _aECONOMICS
942 _hX9S.4.N9, N5
_cTEXL
_2CC
999 _c144999
_d144999